2026 ATP Title Winners - Statistics

General Stats
  • This quiz has been taken 36 times
    11 since last reset
  • The average score is 18 of 27
Answer Stats
Tournament City Category Winner % Correct
Australian Open Melbourne Grand Slam Carlos Alcaraz
100%
Qatar ExxonMobil Open Doha ATP 500 Carlos Alcaraz
100%
BNP Paribas Open Indian Wells ATP Masters 1000 Jannik Sinner
100%
Miami Open presented by Itaú Miami ATP Masters 1000 Jannik SInner
100%
Rolex Monte-Carlo Masters Monte-Carlo ATP Masters 1000 Jannik Sinner
100%
Mutua Madrid Open Madrid ATP Masters 1000 Jannik Sinner
100%
Internazionali BNL d'Italia Rome ATP Masters 1000 Jannik Sinner
100%
ABN AMRO Open Rotterdam ATP 500 Alex de Miñaur
75%
Barcelona Open Banc Sabadell Barcelona ATP 500 Arthur Fils
75%
Nexo Dallas Open Dallas ATP 500 Ben Shelton
75%
BMW Open by Bitpanda Munich ATP 500 Ben Shelton
75%
Open Occitanie Montpellier ATP 250 Félix Auger-Aliassime
75%
Fayez Sarofim & Co. U.S. Men's Clay Court Championship Houston ATP 250 Tommy Paul
75%
Bank of China Hong Kong Tennis Open Hong Kong ATP 250 Alexander Bublik
63%
Abierto Mexicano Telcel presentado por HSBC Acapulco ATP 500 Flavio Cobolli
63%
IEB+ Argentina Open Buenos Aires ATP 250 Francisco Cerúndolo
63%
Tiriac Open presented by UniCredit Bank Bucharest ATP 250 Mariano Navone
63%
Grand Prix Hassan II Marrakech ATP 250 Rafael Jódar
63%
Brisbane International presented by ANZ Brisbane ATP 250 Daniil Medvedev
50%
Dubai Duty Free Tennis Championships Dubai ATP 500 Daniil Medvedev
50%
Adelaide International Adelaide ATP 250 Tomáš Macháč
50%
Bitpanda Hamburg Open Hamburg ATP 500 Ignacio Buse
38%
Delray Beach Open Delray Beach ATP 250 Sebastian Korda
38%
Rio Open presented by Claro Rio de Janeiro ATP 500 Tomás Martín Etcheverry
38%
ASB Classic Auckland ATP 250 Jakub Menšík
25%
BCI Seguros Chile Open Santiago ATP 250 Luciano Darderi
25%
Gonet Geneva Open Geneva ATP 250 Learner Tien
13%
No matching quizzes found
Score Distribution
Percent of People with Each Score
Percentile by Number Answered
Your Score History
You have not taken this quiz since the last reset